Change (TV) - Taylor Swift (All Lyrics) - Statistics

General Stats
  • This quiz has been taken 165 times
  • The average score is 223 of 272
Answer Stats
Lyrics % Correct
I
100%
a
99%
change,
99%
it
99%
It
99%
the
99%
to
99%
you
97%
You
97%
and
96%
And
96%
and,
96%
do
95%
now?
95%
now,
95%
that
95%
us
95%
"We
95%
we
95%
can
93%
it's
93%
It's
93%
these
93%
These
93%
they
93%
They
93%
things
93%
time
93%
will
93%
be
92%
down
92%
walls
92%
when
92%
When
92%
feel
90%
for
90%
fall
89%
final
89%
put
89%
up
89%
Well,
89%
we'll
89%
So
88%
hold
86%
in
86%
see
86%
what
86%
your
86%
back
85%
But
85%
but
85%
come
85%
revolution,
85%
of
84%
This
84%
this"
84%
win
84%
all
82%
Because
82%
'Cause
82%
'cause
82%
finally
82%
sing
82%
hallelujah,
81%
hallelujah
81%
Hallelujah
81%
Oh,
81%
oh
81%
We're
79%
we're
79%
you're
79%
I'll
78%
get
77%
sad
77%
blow
75%
know
75%
never
75%
through
75%
anything
74%
hits
74%
picture,
74%
same,
74%
wanted
73%
believe
71%
don't
71%
say,
71%
gettin'
68%
our
68%
was
67%
ya
67%
else
66%
place
66%
Somebody
66%
another
64%
fight
64%
Fight
64%
night
64%
sick
64%
again
63%
beat
63%
fell
63%
stronger
63%
we've
63%
whatever
63%
gave
62%
need
62%
somethin'
62%
gets
60%
lives
60%
off
60%
stand
60%
years
60%
been
59%
scared
59%
Tonight,
59%
tonight
59%
champions
58%
changed,
58%
getting
58%
hard
58%
might
58%
there's
58%
bigger
56%
eyes,
56%
faster
56%
history
56%
sang
56%
battle
55%
hands
55%
Repeatin'
53%
says,
53%
ain't
52%
fair
52%
found
52%
knees
52%
outnumbered,
51%
away,
49%
cornered
48%
throw
48%
worked
48%
find
47%
walk
47%
long,
45%
woah
42%
raided
34%
No matching quizzes found
Score Distribution
Percent of People with Each Score
Percentile by Number Answered
Your Score History
You have not taken this quiz